Gettysburg : (Record no. 6139)

MARC details
000 -LEADER
fixed length control field 00931nam a22002537a 4500
001 - CONTROL NUMBER
control field 6139
003 - CONTROL NUMBER IDENTIFIER
control field FISKH
005 - DATE AND TIME OF LATEST TRANSACTION
control field 20250318123233.0
008 - FIXED-LENGTH DATA ELEMENTS--GENERAL INFORMATION
fixed length control field 250318b cb ||||| |||| 00| 0 eng d
020 ## - INTERNATIONAL STANDARD BOOK NUMBER
International Standard Book Number 9789381087268
040 ## - CATALOGING SOURCE
Original cataloging agency FISKH
Language of cataloging eng
Transcribing agency FISKH
Modifying agency FISKH
050 ## - LIBRARY OF CONGRESS CALL NUMBER
Classification number PZ7
082 ## - DEWEY DECIMAL CLASSIFICATION NUMBER
Classification number 976.73
100 ## - MAIN ENTRY--PERSONAL NAME
Personal name Perritano, John
245 ## - TITLE STATEMENT
Title Gettysburg :
Remainder of title Incredible facts and photos /
Statement of responsibility, etc. By John Perritano
260 ## - PUBLICATION, DISTRIBUTION, ETC.
Name of publisher, distributor, etc. Leopard Learning ;
Date of publication, distribution, etc. 2013.
300 ## - PHYSICAL DESCRIPTION
Extent 32 pages :
Other physical details color illustrations , maps ;
Dimensions 26 cm .
490 ## - SERIES STATEMENT
Series statement America at war
520 ## - SUMMARY, ETC.
Summary, etc. The American Civil War tore apare the United States, threatening the future of a great nation. When the armies of the North and Shouth met in the small town of Gettysburg, Pennsylvania, the state was set for the bloodiest battle in America's history.
650 ## - SUBJECT ADDED ENTRY--TOPICAL TERM
Topical term or geographic name entry element Civil War
Form subdivision Non-fiction
700 ## - ADDED ENTRY--PERSONAL NAME
Personal name Cohn, Jessica
Relator term Editor
942 ## - ADDED ENTRY ELEMENTS (KOHA)
Source of classification or shelving scheme Dewey Decimal Classification
Koha item type Books
Suppress in OPAC No
Holdings
Withdrawn status Lost status Source of classification or shelving scheme Damaged status Not for loan Collection Home library Current library Shelving location Date acquired Total Checkouts Full call number Barcode Date last seen Price effective from Koha item type
    Dewey Decimal Classification     Non-Fiction Footprints International School Library Network Toul Tom Poung Campus Footprints International School Library Network Toul Tom Poung Campus TTP Secondary Non-Fiction Bookshelves 03/18/2025   PER PZ7 976.73 FISSE01696 03/18/2025 03/18/2025 Books